| 000 | 00542nam a22001937a 4500 | ||
|---|---|---|---|
| 999 |
_c6606 _d6606 |
||
| 003 | OSt | ||
| 005 | 20200207110036.0 | ||
| 008 | 200207b ||||| |||| 00| 0 eng d | ||
| 020 | _a0125482701 | ||
| 040 | _c040a | ||
| 082 |
_a547 _bPEA 1994 |
||
| 100 |
_aPearson, A.J _913586 |
||
| 245 |
_aIron compounds in organic synthesis / _cA. J Pearson |
||
| 260 |
_aLondon _bAcademic Press _c1994 |
||
| 300 |
_axiv, 201p; _bill : _c13 cm. |
||
| 504 | _aIncludes bibliographical references and index | ||
| 650 | _2Iron compounds | ||
| 942 |
_2ddc _cO_SHELF |
||